Normal view MARC view

Entry Corporate Name

Number of records used in: 1

001 - CONTROL NUMBER

  • control field: 164938

003 - CONTROL NUMBER IDENTIFIER

  • control field: OSt

005 - DATE AND TIME OF LATEST TRANSACTION

  • control field: 20220923221005.0

008 - FIXED-LENGTH DATA ELEMENTS

  • fixed length control field: 220923|| aca||aabn | a|a d

040 ## - CATALOGING SOURCE

  • Original cataloging agency: OSt
  • Transcribing agency: OSt

110 ## - HEADING--CORPORATE NAME

  • Corporate name or jurisdiction name as entry element: अप्रस्तुत प्रका0 (कलकत्ता)

670 ## - SOURCE DATA FOUND

  • Source citation: Work cat.: (OSt)345900: अग्रवाल, प्रतिभा, संपा., कलकत्ता 1988, 1989
Copyright @ Delhi University Library System